书目信息 |
| 题名: |
现代科学与技术概论
|
|
| 作者: | 刘啸霆 主编 | |
| 分册: | ||
| 出版信息: | 北京 高等教育出版社 2014 |
|
| 页数: | 384页 | |
| 开本: | 23cm | |
| 丛书名: | ||
| 单 册: | ||
| 中图分类: | N43 | |
| 科图分类: | ||
| 主题词: | 现代科学--高等学校--教材 | |
| 电子资源: | ||
| ISBN: | 978-7-04-032821-9 | |
| 000 | 00820nam0 2200241 450 | |
| 001 | 0103201157 | |
| 005 | 20140901180354.0 | |
| 010 | @a978-7-04-032821-9@dCNY33.20 | |
| 100 | @a20140718d2014 em y0chiy0120 ea | |
| 101 | 0 | @achi |
| 102 | @aCN@b110000 | |
| 105 | @ay z 000yy | |
| 106 | @ar | |
| 200 | 1 | @a现代科学与技术概论@9Xian Dai Ke Xue Yu Ji Shu;Zhu Gai Lun @f刘啸霆主编@b专著 |
| 210 | @a北京@c高等教育出版社@d2014 | |
| 215 | @a384页@d23cm | |
| 300 | @a北京高等教育精品教材 | |
| 330 | @a本书对全部自然科学和技术的主要内容及思想方法作概要式的定性描述或鸟瞰。包括科学技术的由来;现代科学;现代技术;科学、技术与社会四方面的内容。 | |
| 606 | 0 | @a现代科学@x高等学校@j教材 |
| 690 | @aN43@v5 | |
| 701 | 0 | @a刘啸霆@f(1963~)@4主编@9liu xiao ting |
| 801 | 0 | @aCN@bAZmarc@c20230902 |
| 905 | @aBZT@dN43@e7@f1@sN43/7 | |
| 现代科学与技术概论/刘啸霆主编.-北京:高等教育出版社,2014 |
| 384页;23cm |
| 北京高等教育精品教材 |
| ISBN 978-7-04-032821-9:CNY33.20 |
| 本书对全部自然科学和技术的主要内容及思想方法作概要式的定性描述或鸟瞰。包括科学技术的由来;现代科学;现代技术;科学、技术与社会四方面的内容。 |
| ● |
| 相关链接 |
|
|
|
正题名:现代科学与技术概论
索取号:N43/7
 
预约/预借
| 序号 | 登录号 | 条形码 | 馆藏地/架位号 | 状态 | 备注 |
| 1 | 2000009173 | 2000009173 | 旧书回溯/ [索取号:N43/7] | 在馆 |